[Event "Macaubal Tsiloufas Memorial 2nd"]
[Site "Macaubal"]
[Date "2025.03.03"]
[Round "5"]
[White "Oliveira Filho, David Pereira Cap"]
[Black "Bianchi, Guilherme Augusto"]
[Result "0-1"]
[WhiteElo "1808"]
[BlackElo "1855"]
[PlyCount "62"]
[EventDate "2025.03.01"]
[EventType "swiss"]
[EventRounds "6"]
[EventCountry "BRA"]
[SourceTitle "CB11_2025"]
[SourceDate "2025.03.12"]
[SourceVersion "1"]
[SourceVersionDate "2025.03.12"]
[SourceQuality "1"]

1. e4 c5 2. Nf3 g6 3. d4 cxd4 4. Nxd4 Bg7 5. g3 Nc6 6. c3 Nf6 7. Bg2 0-0 8. 0-0 d6 9. Na3 Bd7 10. Re1 Rc8 11. Nac2 Ne5 12. Na3 Bg4 13. Qb3 Nd3 14. Re3 Nc5 15. Qc2 a6 16. h3 Bd7 17. b4 Na4 18. Bd2 Ng4 19. Rd3 Ne5 20. Re3 b5 21. f4 Nc6 22. Nxc6 Bxc6 23. Rc1 Qb6 24. c4 Bd4 25. c5 dxc5 26. bxc5 Bxc5 27. Kf2 Bxa3 28. Ba5 Qa7 29. Rb1 Bc5 30. Bd2 Rfd8 31. h4 Bxe4 0-1